书目信息 |
| 题名: |
目的地国家 (地区) 知识
|
|
| 作者: | 《目的地国家 (地区) 知识》编写组编 | |
| 分册: | ||
| 出版信息: | 北京 中国旅游出版社 2015 |
|
| 页数: | 451页 | |
| 开本: | 23cm | |
| 丛书名: | 出境旅游领队岗位培训教材 | |
| 单 册: | ||
| 中图分类: | F592.68 , K919.1 | |
| 科图分类: | ||
| 主题词: | 旅游服务--lv you fu wu--岗位培训--中国--教材 , 旅游指南--lv you zhi nan--世界--岗位培训--教材 | |
| 电子资源: | ||
| ISBN: | 978-7-5032-5225-9 | |
| 000 | 01311nam 2200301 450 | |
| 001 | 012001008641 | |
| 005 | 20140101155408.0 | |
| 010 | @a978-7-5032-5225-9@dCNY59.80 | |
| 099 | @aCAL 012015025727 | |
| 100 | @a20150318d2015 em y0chiy50 ea | |
| 101 | 0 | @achi |
| 102 | @aCN@b110000 | |
| 105 | @ay a 000yy | |
| 106 | @ar | |
| 200 | 1 | @a目的地国家 (地区) 知识@Amu di di guo jia ( di qu ) zhi shi@d= Knowledge of the destination countries (regions)@f《目的地国家 (地区) 知识》编写组编@zeng |
| 210 | @a北京@c中国旅游出版社@d2015 | |
| 215 | @a451页@d23cm | |
| 225 | 2 | @a出境旅游领队岗位培训教材@Achu jing lv you ling dui gang wei pei xun jiao cai |
| 320 | @a有书目 | |
| 330 | @a本书精选了50个中国公民出境旅游的热门目的地国家(地区),分为中国港澳台地区、亚洲地区、大洋洲地区、欧洲地区、美洲地区和非洲地区六个部分,对其概况、民俗风情、禁忌、美食、主要旅游城市及景点、经典线路进行了介绍,同时附有相关工作提示和知识链接等领队必备知识点。 | |
| 410 | 0 | @12001@a出境旅游领队岗位培训教材 |
| 510 | 1 | @aKnowledge of the destination countries (regions)@zeng |
| 606 | 0 | @a旅游服务@Alv you fu wu@x岗位培训@y中国@j教材 |
| 606 | 0 | @a旅游指南@Alv you zhi nan@y世界@x岗位培训@j教材 |
| 690 | @aF592.68@v5 | |
| 690 | @aK919.1@v5 | |
| 801 | 2 | @aCN@b上海新华@c20191020 |
| 905 | @b1185258-60,69@dF592.68@e567@f4 | |
| 目的地国家 (地区) 知识= Knowledge of the destination countries (regions)/《目的地国家 (地区) 知识》编写组编.-北京:中国旅游出版社,2015 |
| 451页;23cm.-(出境旅游领队岗位培训教材) |
| ISBN 978-7-5032-5225-9:CNY59.80 |
| 本书精选了50个中国公民出境旅游的热门目的地国家(地区),分为中国港澳台地区、亚洲地区、大洋洲地区、欧洲地区、美洲地区和非洲地区六个部分,对其概况、民俗风情、禁忌、美食、主要旅游城市及景点、经典线路进行了介绍,同时附有相关工作提示和知识链接等领队必备知识点。 |
| ● |
| 相关链接 |
|
|
|
|
正题名:目的地国家 (地区) 知识
索取号:F592.68/567
 
预约/预借
| 序号 | 登录号 | 条形码 | 馆藏地/架位号 | 状态 | 备注 |
| 1 | 1185258 | 211852583 | 第一样本阅览室/ [索取号:F592.68/567] | 在馆 | |
| 2 | 1185259 | 211852592 | 第一借阅区/ [索取号:F592.68/567] | 在馆 | |
| 3 | 1185260 | 211852609 | 第一借阅区/ [索取号:F592.68/567] | 在馆 | |
| 4 | 1185269 | 211852690 | 第一借阅区/ [索取号:F592.68/567] | 在馆 |